Statystyki dla Największe miasta w Europie (Dla Geomexa)

Kliknij tutaj aby rozwiązać quiz!

Ogólne statystyki

  • Ten quiz został rozwiązany 61 razy
  • Średni wynik to 15 z 21

Statystyki odpowiedzi

PopulacjaMiasto% Poprawnych
2,1 mlnParyż
100%
1,87 mlnWarszawa
98%
3,3 mlnMadryt
95%
12,6 mlnMoskwa
95%
3,6 mlnBerlin
93%
8,8 mlnLondyn
91%
1,62 mlnBarcelona
86%
2,7 mlnRzym
84%
15,8 mlnStambuł
82%
2,9 mlnKijów
77%
1,7 mlnBudapeszt
73%
5,3 mlnPetersburg
73%
1,3 mlnPraga
70%
2,1 mlnBukareszt
64%
1,96 mlnWiedeń
64%
1,48 mlnMonachium
59%
2 mlnMińsk
57%
1,3 mlnMediolan
52%
1,3 mlnHamburg
43%
1,7 mlnBelgrad
30%
1,2 mlnBirmingham
20%

Rozkład punktacji

Percentyl według liczby udzielonych odpowiedzi

Procent ludzi z każdym wynikiem

Twoja historia wyników

Nie rozwiązałeś tego quizu